000 00626 a2200217 4500
001 61708
005 20260407155907.0
008 260407a1970 arg spa d
003 AR-UNSa-BCEJYS
040 _aAR-UNSa-BCEJYS
_bspa
_cAR-UNSa-BCEJYS
080 _a347.7
_xDerecho Mercantil. Derecho Comercial
245 1 0 _aDerecho privado económico
264 1 _aLa Plata :
_bEditora Platense
_c1970
300 _axvi, 396 p.
_c23 cm.
041 _aspa
942 _cBK
590 _aniveau_biblio:m niveau_hierar:0
100 1 _aAlvarez Alonso, Salvador
700 1 _aMorello, Augusto Mario
700 1 _aTroccoli, Antonio A.
999 _c7368
_d7368